OPAC Home

ශම්භහෝරා ප්‍ර‍කාශය (Record no. 108310)

MARC details
000 -LEADER
fixed length control field 00507nam a2200193Ia 4500
003 - CONTROL NUMBER IDENTIFIER
control field LK-CoDNM
008 - FIXED-LENGTH DATA ELEMENTS--GENERAL INFORMATION
fixed length control field 010623t1970 xxu||||| |||| 00| 1 sin d
040 ## - CATALOGING SOURCE
Original cataloging agency LK-CoDNM
Modifying agency LK-CoDNM
Description conventions LK-CoDNM
041 ## - LANGUAGE CODE
Language code of text/sound track or separate title Sinhala; Sinhalese
080 ## - UNIVERSAL DECIMAL CLASSIFICATION NUMBER
Universal Decimal Classification number 133.52
942 ## - ADDED ENTRY ELEMENTS (KOHA)
Koha item type Books
100 ## - MAIN ENTRY--PERSONAL NAME
Personal name Dasanayaka,A.
700 ## - ADDED ENTRY--PERSONAL NAME
Personal name Punjarajacharyayan.
245 ## - TITLE STATEMENT
Title ශම්භහෝරා ප්‍ර‍කාශය
246 ## - VARYING FORM OF TITLE
Title proper/short title Xm|xO@h`~r` pYk`Xy
260 ## - PUBLICATION, DISTRIBUTION, ETC. (IMPRINT)
Name of publisher, distributor, etc. Modan
Place of publication, distribution, etc. Nugegoda
Date of publication, distribution, etc. 1970
300 ## - PHYSICAL DESCRIPTION
Other physical details 470p., 15 cm
650 ## - SUBJECT ADDED ENTRY--TOPICAL TERM
Topical term or geographic name as entry element Astrology

No items available.

Copyright © 2023 Department of National Museum, Colombo 07, Sri Lanka Funded by UNESCO IFAP UNESCO